00926nam a2200265 i 4500001001000000003000900010005001700019007000300036008004100039020001500080040003000095041000800125082003100133100003900164245009800203250004300301264004700344300002800391336002700419337003300446338002800479504003900507650005500546650005900601000046090DO-SdBNP20260501120357.0ta150618s2004 dr 000 0 spa d a9993429244 aDO-SdBNPbspacBNPHUerda aspa 4a305.897293bC697t 20042221 aCollado, Lipe,d1947-eautor4aut.13aEl tíguere dominicano :bhacia una aproximación de como es el dominicano /cLipe Collado. acuarta edición corregida y ampliada. 4aSanto Domingo :bEditora Collado,c©2004. a192 páginas ;c21 cm. atextobtxt2rdacontent asin mediaciónbn2rdamedia avolumenbnc2rdacarrier aBibliografía : páginas 191-192 7aCaracterísticas nacionales dominicanas2LIBRUNAM 7aPsicología social zRepública Dominicana2LIBRUNAM